Statystyki dla Kanały (zagraniczne) z największą liczbą subskrypcji.

Kliknij tutaj aby rozwiązać quiz!

Ogólne statystyki

  • Ten quiz został rozwiązany 60 razy
  • Średni wynik to 4 z 10

Statystyki odpowiedzi

Liczba subskrypcjiNazwa kanału% Poprawnych
103mlnPewDiePie
92%
125,1mlnT series
78%
48,8mlnJustin Bieber
38%
70,1mlnCocomelon
30%
48,6mlnDude Perfect
28%
53,5mlnWWE
28%
63,5mln5 Minute Craft
24%
63,1mlnSET India
16%
54,8mlnCanal KondZilla
10%
49mlnZee Music Company
6%

Rozkład punktacji

Percentyl według liczby udzielonych odpowiedzi

Procent ludzi z każdym wynikiem

Twoja historia wyników

Nie rozwiązałeś tego quizu